Pashchatya Suriyani Vayana Sahayi (Record no. 134348)

MARC details
000 -LEADER
fixed length control field 00535nam a22001817a 4500
003 - CONTROL NUMBER IDENTIFIER
control field OSt
005 - DATE AND TIME OF LATEST TRANSACTION
control field 20220525062319.0
008 - FIXED-LENGTH DATA ELEMENTS--GENERAL INFORMATION
fixed length control field 220524b |||||||| |||| 00| 0 eng d
040 ## - CATALOGING SOURCE
Transcribing agency SBCL
082 ## - DEWEY DECIMAL CLASSIFICATION NUMBER
Classification number 492.25
Item number PAR-P
100 ## - MAIN ENTRY--PERSONAL NAME
Personal name Parakott,Raju
245 ## - TITLE STATEMENT
Title Pashchatya Suriyani Vayana Sahayi
260 ## - PUBLICATION, DISTRIBUTION, ETC.
Place of publication, distribution, etc. Kottayam
Name of publisher, distributor, etc. St.Ephrem Ecumenical Rearch Institute (SEERI)
Date of publication, distribution, etc. 2020
300 ## - PHYSICAL DESCRIPTION
Extent 156P.
630 ## - SUBJECT ADDED ENTRY--UNIFORM TITLE
General subdivision Post Graduate Reference
650 ## - SUBJECT ADDED ENTRY--TOPICAL TERM
Topical term or geographic name entry element Other languages
942 ## - ADDED ENTRY ELEMENTS (KOHA)
Koha item type BOOK
650 ## - SUBJECT ADDED ENTRY--TOPICAL TERM
Source of heading or term Language
Form subdivision Afro-Asiatic languages; Semitic languages
Holdings
Withdrawn status Lost status Source of classification or shelving scheme Damaged status Not for loan Home library Current library Date acquired Cost, normal purchase price Full call number Barcode Shelving location Date last seen Price effective from Koha item type
    Dewey Decimal Classification     SB LIBRARY SB LIBRARY 24/05/2022 120.00 492.25 PAR-P 00141784 POST GRADUATE REFERENCE 24/05/2022 24/05/2022 BOOK

Powered by Koha